000 nam a22 7a 4500
999 _c9354
_d9354
008 180129b ||||| |||| 00| 0 eng d
100 _aDeepa & Company
_9406
245 _aMaster Science - VI
260 _a Delhi
_bDeepa Publication